| 000 | 00935cam a22002055a 4500 | ||
|---|---|---|---|
| 001 | L151671 | ||
| 008 | 101129e20101113xxk 000 0 eng d | ||
| 035 | _a(Sirsi) u151671 | ||
| 041 | 0 | _aeng | |
| 100 | 1 | _aLewis, David | |
| 245 | 0 | 0 | _aSuddenly, it's a tax |
| 260 | _c2010 | ||
| 490 |
_aEstates Gazette _v(1046) 13 November 2010, 85(1) |
||
| 520 | _aChanges to the Carbon Reduction Commitment Energy Efficiency Scheme (CRC). The revenue from the sale of carbon allowances under the CRC will be retained by the exchequer rather than being recycled back to participants as originally planning. Also the CRC will be simplified to reduce the burden on business with the first allowance sale for 2011-12 emission now taking place in 2012 rather than 2011. | ||
| 590 | _aKA | ||
| 651 | 4 |
_aUnited Kingdom _y |
|
| 690 | _aENVIRONMENTAL AND LAND CONSULTANCY-SUSTAINABILITY-SUSTAINABLE DEVELOPMENT | ||
| 700 | 1 | _aReid, Mike | |
| 942 | _n0 | ||
| 999 |
_c82840 _d82840 |
||